| 000 | 02928nam a22003137i 4500 | ||
|---|---|---|---|
| 001 | TCPA 73 | ||
| 003 | gtcocun | ||
| 005 | 20250902222435.0 | ||
| 006 | a||||gr|||| 00| 0 | ||
| 008 | 250902b2019 gt ||||| m||| 00| 0 eng d | ||
| 040 |
_agtcocun _bSPA _cgtcocun _eRDA |
||
| 041 | _aSPA | ||
| 084 | _0TCPA 73 | ||
| 100 |
_aMacz Icó, Jose Angel _eAutor |
||
| 245 |
_aInforme final del Ejercicio Profesional Supervisado, realizado en la municipalidad de Fray Bartolomé de las Casas, Alta Verapaz/ _cJose Angel Macz Icó _hImpreso |
||
| 264 |
_aCobán, Alta Verapaz: _bUniversidad de San Carlos de Guatemala, Centro Universitario del Norte, Licenciatura en Contaduría Pública y Auditoría _c2019 |
||
| 300 |
_a43 p.: _bIlustraciones, gráficas. _c28 cm; PDF |
||
| 336 |
_2rdacontenido _aTexto _btxt |
||
| 337 |
_2rdamedio _aComputadora _bn |
||
| 338 |
_2rdasoporte _aCódigo en línea _bcr |
||
| 502 | _e. | ||
| 502 |
_aTesis de grado _bLicenciatura en Contaduría Pública y Auditoría _cUniversidad de San Carlos de Guatemala, Centro Universitario del Norte, Licenciatura en Contaduría Pública y Auditoría _d2019 _oTCPA 73 |
||
| 520 | 1 | 4 | _aLa Universidad de San Carlos de Guatemala, a través del Centro Universitario del Norte en la carrera de Contaduría Pública y Auditoría, en su fase final para el cierre de pensum, tiene la realización del Ejercicio Profesional Supervisado, que consiste en poner en práctica los conocimientos adquiridos a lo largo de la carrera, la práctica integra cuatro fases, siendo estas el diagnóstico, plan de trabajo, ejecución y presentación de informe. La primera fase que corresponde al diagnóstico realizado en municipalidad de Fray Bartolomé de las Casas, ubicada en el municipio de Fray Bartolomé de las Casas, Alta Verapaz, permitió el conocimiento general de la Municipalidad. En la segunda fase se elaboró el plan de trabajo que conjuntamente con autoridades de la Municipalidad, se determinaron y priorizaron las distintas actividades que fueron desarrolladas. En cada una de las actividades se aplicaron los conocimientos necesarios para atender a la problemática que la municipalidad presentaba, enfocados a los procedimientos de control interno. En la tercera fase se describen los resultados obtenidos de las actividades del plan de trabajo, en el cual se determinaron los puntos débiles de cada una y las acciones a seguir, para el desvanecimiento de la problemática. Como siguiente proceso la cuarta fase es la presentación de los informes con los resultados obtenidos. |
| 650 |
_2LEMB _aFray Bartolomé de las Casas _xRegistros contables _xcuentas por pagar _xcostratistas |
||
| 700 |
_aLic. José Alfonso Barrios Figueroa _eAsesor |
||
| 856 |
_uhttps://drive.google.com/file/d/1SPe6tqqtebcOIry9-AotVKRwobEAxQi5/view?usp=sharing _yPDF _zUn ejemplar en línea. |
||
| 942 |
_2ddc _cTES _iTCPA_73 _kClasificación _n0 _6TCPA__73 |
||
| 999 |
_c1629 _d1629 |
||